| 000 | 01451cam a22004214a 4500 | ||
|---|---|---|---|
| 001 | muse85095 | ||
| 003 | MdBmJHUP | ||
| 005 | 20210127151700.0 | ||
| 006 | m o d | ||
| 007 | cr||||||||nn|n | ||
| 008 | 040304s2002 mx o 00 0 spa d | ||
| 010 | _z 2004404543 | ||
| 020 | _a9786076287590 | ||
| 020 | _z9685062471 | ||
| 020 | _z9786074626933 | ||
| 035 | _a(OCoLC)1151716515 | ||
| 040 |
_aMdBmJHUP _cMdBmJHUP |
||
| 050 | 0 | 4 |
_aPQ7297.P285 _bZ7453 2002 |
| 082 | 0 |
_a861/.62 _222 |
|
| 100 | 1 | _aGonzález Torres, Armando. | |
| 245 | 1 | 4 |
_aLas guerras culturales de Octavio Paz _cArmando González Torres. |
| 250 | _a1. ed. | ||
| 264 | 1 | _bColibrí Editorial, | |
| 264 | 3 | _bProject MUSE, | |
| 300 | _a1 online resource (167 p.) | ||
| 504 | _aIncludes bibliographical references (p. 161-165). | ||
| 506 | 0 |
_aOpen Access _fUnrestricted online access _2star |
|
| 588 | _aDescription based on print version record. | ||
| 600 | 1 | 1 |
_aPaz, Octavio, _d1914-1998 _xPolitical and social views. |
| 655 | 7 |
_aElectronic books. _2local |
|
| 710 | 2 |
_aProject Muse. _edistributor |
|
| 830 | 0 | _aBook collections on Project MUSE. | |
| 856 | 4 | 0 |
_zFull text available: _uhttps://muse.jhu.edu/book/74640/ |
| 999 |
_c26643 _d26643 |
||